000 00708cab a2200181 4500
001 L135945
008 061219n 000 0 eng u
035 _a(Sirsi) u135945
041 0 _aeng
100 1 _aSlavid, Ruth
245 0 0 _aRegional salary differentials increase the higher up the tree you go
490 0 _aArchitects' Journal
_v20 (224) 30 November 2006, 38-39(2)
520 _aA UK-based architecture salary survey giving an indication of how one salary differs from another by job profile and whereabouts in the country it is located.
650 2 4 _aARCHITECTS' JOURNAL SALARY SURVEY
651 4 _aUnited Kingdom
_y
690 _aMANAGEMENT-BUSINESS MANAGEMENT-PROFESSIONAL PRACTICE
942 _n0
999 _c78072
_d78072